| 000 | 00800cam a2200265 a 4500 | ||
|---|---|---|---|
| 999 |
_c1785 _d1785 |
||
| 001 | 1785 | ||
| 003 | BD-JhCC | ||
| 005 | 20171024165824.0 | ||
| 008 | 041027s2004 sz a b a i001 0 eng d | ||
| 020 | _a922113699X (pbk.) | ||
| 035 | _a(BD-JhCC)1785 | ||
| 040 |
_aUKM _cUKM _dDLC |
||
| 041 | _aeng | ||
| 050 | 0 | 0 |
_aHB225 _b.C577 2004 |
| 082 | 0 | 4 |
_a338.528 _222 _bCON 2004 |
| 245 | 0 | 0 |
_aConsumer price index manual : _btheory and practice. _c Iternational Labour Office |
| 260 |
_aGeneva : _bInternational Labour Office, _c2004. |
||
| 300 |
_axxxi, 535 p. : _bill. ; _c30 cm. |
||
| 504 | _aIncludes bibliographical references (p. 507-520) and index. | ||
| 650 | 0 | _aConsumer price indexes. | |
| 650 | 0 | _aPrices. | |
| 710 | 2 | _aInternational Labour Office. | |
| 942 |
_2ddc _cBK |
||